| 000 | 00779nam a2200217Ia 4500 | ||
|---|---|---|---|
| 999 |
_c40143 _d40143 |
||
| 001 | 6749 | ||
| 003 | GE_BSU | ||
| 005 | 20191225103731.0 | ||
| 008 | 181216s1967||||ge |||||||||||||| ||geo|| | ||
| 040 | _cGE_BSU | ||
| 041 | _ageo | ||
| 080 | _a821.353.1-32 გ-45 | ||
| 100 |
_aგვასალია, მოსე. _95773 |
||
| 245 |
_aთარჩია : _bმოთხრობები / _cმოსე გვასალია ; რედ. შოთა აკობია. |
||
| 264 |
_aსოხუმი : _bალაშარა, _c1967. |
||
| 300 |
_a260 გვ. ; _c17 სმ. |
||
| 653 | _aთარჩია | ||
| 653 | _aმოთხრობები | ||
| 700 |
_aაკობია, შოთა _eრედაქტორი _93985 |
||
| 942 |
_cBK _2udc |
||